[Event "BAN-chT 1st League"]
[Site "Dhaka"]
[Date "2022.03.18"]
[Round "9.2"]
[White "Muthaiah, Al"]
[Black "Priyanshu, Barua"]
[Result "1-0"]
[WhiteElo "2403"]
[BlackElo "1772"]
[PlyCount "86"]
[EventDate "2022.03.10"]
[EventType "team-tourn"]
[EventRounds "11"]
[EventCountry "BAN"]
[SourceTitle "EXT 2023"]
[Source "ChessBase"]
[SourceDate "2022.10.05"]
[SourceVersion "1"]
[SourceVersionDate "2022.10.05"]
[SourceQuality "1"]
[WhiteTeam "Sultana Kamal Smirity Pathagar"]
[BlackTeam "Sonali Bank Sports"]
[WhiteTeamCountry "BAN"]
[BlackTeamCountry "BAN"]

1. c4 e5 2. e3 Nc6 3. Nc3 f5 4. a3 Nf6 5. d4 a5 6. Be2 g6 7. dxe5 Nxe5 8. b3 Bg7 9. Bb2 d6 10. Nf3 Ne4 11. Nd4 Nxc3 12. Bxc3 0-0 13. 0-0 Bd7 14. Qd2 Qe7 15. Bxa5 f4 16. exf4 Rxa5 17. Qxa5 Rxf4 18. Rad1 b6 19. Qa8+ Rf8 20. Qd5+ Kh8 21. f4 Nf7 22. Bf3 Nd8 23. Rfe1 Qf6 24. Qg5 Qxf4 25. Qxf4 Rxf4 26. Nb5 Ne6 27. Nxc7 Bd4+ 28. Kh1 Ng5 29. Re7 Bf5 30. Nd5 Rh4 31. g3 Rh6 32. Bg2 Be5 33. Nf4 Ne4 34. Bxe4 Bxe4+ 35. Kg1 g5 36. Nd3 Bd4+ 37. Nf2 Bxf2+ 38. Kxf2 Rf6+ 39. Kg1 Bc2 40. Rf1 Rxf1+ 41. Kxf1 Bxb3 42. Rc7 d5 43. cxd5 Bxd5 1-0

[Event "Dhaka Al Mahmud Memorial"]
[Site "Dhaka"]
[Date "2022.02.11"]
[Round "7"]
[White "Manon, Reja Neer"]
[Black "Priyanshu, Barua"]
[Result "1-0"]
[WhiteElo "2209"]
[BlackElo "1573"]
[PlyCount "85"]
[EventDate "2022.02.05"]
[EventType "swiss"]
[EventRounds "9"]
[EventCountry "BAN"]
[SourceTitle "CBM 206 Extra"]
[Source "ChessBase"]
[SourceDate "2022.03.31"]
[SourceVersion "1"]
[SourceVersionDate "2022.03.31"]
[SourceQuality "1"]

1. e4 c5 2. Nf3 Nc6 3. d4 cxd4 4. Nxd4 g6 5. c4 d6 6. Nc3 Nf6 7. Be2 Nxd4 8. Qxd4 Bg7 9. Be3 0-0 10. Qd2 Be6 11. f3 Qa5 12. 0-0 Rfc8 13. b3 a6 14. Rac1 b5 15. Nb1 b4 16. a3 Rab8 17. Bd1 Nd7 18. a4 f5 19. Bc2 Nf6 20. exf5 Bxf5 21. Rce1 Bxc2 22. Qxc2 d5 23. Nd2 Rd8 24. Bd4 Rbc8 25. Qb2 dxc4 26. Nxc4 Rxc4 27. bxc4 Qc7 28. c5 Rd5 29. Qxb4 Rh5 30. g3 Nd5 31. Qc4 Bh6 32. Re2 Kf8 33. Rfe1 Rf5 34. Re5 Be3+ 35. R5xe3 Nxe3 36. Rxe3 Qc6 37. Kg2 Rd5 38. Re5 Rd7 39. Re4 Rd5 40. Qc1 g5 41. Qe3 Qd7 42. Qc3 Kf7 43. c6 1-0